000 01247cam a2200349 a 4500
001 cliffordsanimals00brid
003 CaSfIA
005 20230525155139.0
007 cr||||
008 910129s1991 nyua j 000 0 eng
010 _a 91007725
040 _aDLC
_cDLC
_dXY4
_dBAKER
_dBTCTA
_dYDXCP
_dSINLB
_dCaSfIA
020 _a0590447343 :
_c$3.95
020 _a9780590447348
035 _a(OCoLC)23143888
042 _alcac
050 0 0 _aQL765
_b.B75 1991
082 0 0 _a599.059
_220
082 1 4 _a591.59
_213
100 1 _aBridwell, Norman.
245 1 0 _aClifford's animal sounds /
_h[electronic resource]
_cNorman Bridwell.
260 _aNew York :
_bScholastic,
_cc1991.
300 _av. 1 (unpaged) :
_bcol. ill. ;
_c14 cm.
520 _aClifford the small red puppy meets a variety of animals and discovers what kinds of sounds they make.
650 0 _aAnimal sounds
_xJuvenile literature.
650 1 _aAnimal sounds.
856 4 1 _uhttp://www.archive.org/details/cliffordsanimals00brid
_zFree eBook from the Internet Archive
856 4 2 _uhttp://www.openlibrary.org/books/OL2030343M
_zAdditional information and access via Open Library
029 1 _aYDXCP
_b503592
029 1 _aNZ1
_b2886303
029 1 _aAU@
_b000026275005
999 _c22800
_d22800